Slovakia and the New European Commission

Postup pri nástupe do funkcie členov Európskych komisie 2019. Maroš Šefčovič ako viceprezident Európskej komisie zo SR.

Gespeichert in:
Bibliographische Detailangaben
1. Verfasser: Csányi, Peter, 1978-
Format: Buchkapitel
Sprache:Englisch
Schlagworte:
Tags: Tag hinzufügen
Keine Tags, Fügen Sie das erste Tag hinzu!

MARC

LEADER 00000naa$a2200000$$$4500
001 0271323
005 20240502083822.9
041 0 |a eng 
044 |a HU 
245 1 0 |a Slovakia and the New European Commission  |c Peter Csányi 
520 |a Postup pri nástupe do funkcie členov Európskych komisie 2019. Maroš Šefčovič ako viceprezident Európskej komisie zo SR. 
610 2 0 |a Európska komisia 
610 2 0 |a Slovensko 
610 2 0 |a parlamenty 
610 2 0 |a politika 
100 1 |a Csányi, Peter, 1978-